| 000 | 00889nam a22002777a 4500 | ||
|---|---|---|---|
| 001 | 8840 | ||
| 003 | FISKH | ||
| 005 | 20251022145948.0 | ||
| 008 | 251022b cb ||||| |||| 00| 0 eng d | ||
| 020 | _a0060243090 | ||
| 040 |
_aFISKH _beng _cFISKH _dFISKH |
||
| 050 | _aPZ7.M868 Z | ||
| 082 | _a813.54 | ||
| 100 |
_aMozelle, Shirley _eAuthor |
||
| 245 |
_aZack's alligator : _bAn I can read book / _cby Shirley Mozelle ; Pictures by James Watts |
||
| 260 |
_aOhio : _bNewfield Publications , _c1995 |
||
| 300 |
_a63 pages : _bcolor illustrations ; _c23 cm |
||
| 505 | _aJ | ||
| 520 | _aWhen Zack soaks his new alligator keychain in water, it grows into a full-sized and fun-loving alligator. | ||
| 521 | 8 |
_a500
_bLexile |
|
| 521 | 8 |
_aJ
_bRaz-Plus |
|
| 650 |
_aI can read book _vImagination |
||
| 700 |
_aWatts, James _eIllustrator |
||
| 942 |
_2ddc _cBK _n0 |
||
| 999 |
_c8840 _d8840 |
||